آخری داستاں گو : (Record no. 107477)

MARC details
000 -LEADER
fixed length control field 00880nam a22002537a 4500
005 - DATE AND TIME OF LATEST TRANSACTION
control field 20170123162326.0
010 ## - LIBRARY OF CONGRESS CONTROL NUMBER
LC control number A-678201
020 ## - INTERNATIONAL STANDARD BOOK NUMBER
Terms of availability 60.00
035 ## - SYSTEM CONTROL NUMBER
System control number A-678201
037 ## - SOURCE OF ACQUISITION
Source of stock number/acquisition Cen Lib/Ret
040 ## - CATALOGING SOURCE
Original cataloging agency DPL
Language of cataloging UR
082 ## - DEWEY DECIMAL CLASSIFICATION NUMBER
Classification number ک
Item number م ظ ه
100 ## - MAIN ENTRY--PERSONAL NAME
Personal name مظہر الزماں خان
9 (RLIN) 109692
245 ## - TITLE STATEMENT
Title آخری داستاں گو :
Statement of responsibility, etc مظہر الزماں خان
Remainder of title نیی الف لیلا /
246 ## - VARYING FORM OF TITLE
Title proper/short title khiri dastan go : nayi alif laila /
Remainder of title by Mazhar Alzaman Khan
260 ## - PUBLICATION, DISTRIBUTION, ETC. (IMPRINT)
Place of publication, distribution, etc نیی دہلی
Name of publisher, distributor, etc تخلیکر پبلشرس
Date of publication, distribution, etc 1994
270 ## - ADDRESS
City نیی دہلی
Postal code 110002
Address ١٧٧٩، کچہ دکھنی رہے دریاگنج
300 ## - PHYSICAL DESCRIPTION
Extent 159p.
Dimensions 20cm(Hb)
650 ## - SUBJECT ADDED ENTRY--TOPICAL TERM
Topical term or geographic name as entry element اردو ادب
9 (RLIN) 119628
650 ## - SUBJECT ADDED ENTRY--TOPICAL TERM
Topical term or geographic name as entry element اردو افسانے
General subdivision
9 (RLIN) 889
650 ## - SUBJECT ADDED ENTRY--TOPICAL TERM
Form subdivision
Topical term or geographic name as entry element Urdu literature
9 (RLIN) 119629
650 ## - SUBJECT ADDED ENTRY--TOPICAL TERM
Topical term or geographic name as entry element Urdu stories
9 (RLIN) 119630
942 ## - ADDED ENTRY ELEMENTS (KOHA)
Source of classification or shelving scheme Dewey Decimal Classification
Koha item type Urdu Bks
Classification part ک
Call number suffix م ظ ه
Holdings
Withdrawn status Lost status Damaged status Not for loan Home library Current library Date acquired Source of acquisition Cost, normal purchase price Total Checkouts Full call number Barcode Date last seen Date checked out Copy number Cost, replacement price Price effective from Koha item type
        Central Library Central Library 08/01/2016 Cen Lib/Ret 60.00 1 ک م ظ ه A-678201 15/02/2018 01/02/2018 1 60.00 08/01/2016 Urdu Bks

© Delhi Public Library
Hit Counter
free hit counter